Statistics for Portuguese Translator

Click here to take the quiz!

General Stats

  • This quiz has been taken 6 times
  • The average score is 6 of 10

Answer Stats

HintAnswer% Correct
Harry PotterHarry Potter
80%
my pig is fatmeu porco é gordo
80%
buildings are coolprédios são legais
80%
I am the stareu sou a estrela
60%
I am the kingeu sou o rei
60%
Guardians Of The GalaxyGuardiões da Galaxia
60%
best day of my lifemelhor dia da minha vida
60%
you loserseu perdedor
60%
I got an a!eu ganhei um a!
40%
I go to the library every dayeu vou para a biblioteca todo dia
40%

Score Distribution

Percentile by Number Answered

Percent of People with Each Score

Your Score History

You have not taken this quiz